Practical guide to behavioral research: Tools and techniques (Record no. 1377728)

MARC details
000 -LEADER
fixed length control field 00711nam a2200241Ia 4500
005 - DATE AND TIME OF LATEST TRANSACTION
control field 20250508162629.0
008 - FIXED-LENGTH DATA ELEMENTS--GENERAL INFORMATION
fixed length control field 008 250505s9999 xx 000 0 eng d
020 ## - INTERNATIONAL STANDARD BOOK NUMBER
International Standard Book Number 0-19-503977-7
037 ## - SOURCE OF ACQUISITION
Stock number Books to be hide in OPAC
040 ## - CATALOGING SOURCE
Original cataloging agency FEDL
Language of cataloging eng
Transcribing agency FEDL
041 ## - LANGUAGE CODE
Language code of text/sound track or separate title eng
Source of code eng
084 ## - COLON CLASSIFICATION NUMBER
Classification number 001.4, SOM
Assigning agency FEDL
100 ## - MAIN ENTRY--PERSONAL NAME
Personal name Sommer Robert
9 (RLIN) 90157
245 #0 - TITLE STATEMENT
Title Practical guide to behavioral research: Tools and techniques
250 ## - EDITION STATEMENT
Edition statement 2
260 ## - PUBLICATION, DISTRIBUTION, ETC.
Place of publication, distribution, etc. New York, USA
Name of publisher, distributor, etc. Oxford University Press
Date of publication, distribution, etc. 1986
300 ## - PHYSICAL DESCRIPTION
Extent viii,297p.
365 ## - TRADE PRICE
Price type code USD
Price amount 24.95
650 ## - SUBJECT ADDED ENTRY--TOPICAL TERM
Topical term or geographic name entry element Behavioral Research
9 (RLIN) 773635
700 ## - ADDED ENTRY--PERSONAL NAME
Personal name Sommer Barbara B
9 (RLIN) 773636
942 ## - ADDED ENTRY ELEMENTS (KOHA)
Koha item type Books to be hide in OPAC
Classification part 001.4, SOM
Holdings
Withdrawn status Lost status Damaged status Not for loan Home library Current library Date acquired Cost, normal purchase price Total Checkouts Full call number Barcode Date last seen Price effective from Koha item type
        Department of Education Library Department of Education Library 2025-05-08 24.95   001.4, SOM EL0070244 2025-05-08 2025-05-08 Books to be hide in OPAC
Copyright @ Delhi University Library System